[Event "BCF-chT4S 1718 (4NCL)"]
[Site "England"]
[Date "2018.05.05"]
[Round "9.206"]
[White "Tombolis, Glafcos"]
[Black "Sloan, Cecil"]
[Result "0-1"]
[WhiteElo "1247"]
[BlackElo "1614"]
[PlyCount "72"]
[EventDate "2017.11.11"]
[EventType "team-swiss"]
[EventRounds "11"]
[EventCountry "ENG"]
[SourceTitle "EXT 2020"]
[Source "ChessBase"]
[SourceDate "2019.10.17"]
[SourceVersion "1"]
[SourceVersionDate "2019.10.17"]
[SourceQuality "1"]
[WhiteTeam "KJCA Kings II"]
[BlackTeam "Watford"]
[WhiteTeamCountry "ENG"]
[BlackTeamCountry "ENG"]

1. d4 Nf6 2. c4 e6 3. Nc3 Bb4 4. Bg5 c5 5. Nf3 Qa5 6. Qc2 cxd4 7. Nxd4 Qxg5 8. Ndb5 Na6 9. Rd1 0-0 10. a3 Bxc3+ 11. bxc3 d5 12. h4 Qg6 13. Qxg6 hxg6 14. e3 Bd7 15. Nd6 Bc6 16. cxd5 exd5 17. c4 Rfd8 18. cxd5 Rxd6 19. Bxa6 bxa6 20. dxc6 Rxd1+ 21. Kxd1 Rc8 22. Ke2 Rxc6 23. Kd3 Kf8 24. f3 Ke7 25. e4 Nh5 26. g4 Nf4+ 27. Ke3 Ne6 28. Kd2 Nd4 29. Rh3 Nb5 30. f4 Nd6 31. Kd3 Rb6 32. e5 Rb3+ 33. Kd4 Rxh3 34. exd6+ Kxd6 35. f5 Rxh4 36. fxg6 Rxg4+ 0-1